| 000 | 00506nam a22001217a 4500 | ||
|---|---|---|---|
| 999 |
_c18817 _d18817 |
||
| 008 | 210219b xxu||||| |||| 00| 0 eng d | ||
| 050 |
_aGMB1081 _b.C44 2017 c.1 |
||
| 100 | _aCheboror, Moses Kigen | ||
| 245 |
_aEffect of working capital management on corporate financial performance _ba survey of automobile and accessories companies listed at Nairobi securities exchange Kenya _cMoses kigen Cheboror |
||
| 260 |
_aKabarak, Nakuru, Kenya _bKabarak University _c2017 |
||
| 300 | _a65 leaves | ||
| 942 |
_2lcc _cTHE |
||